<?xml version="1.0" encoding="UTF-8"?>
<marc:record xmlns:marc="http://www.loc.gov/MARC21/slim">
   <marc:leader>00000nam a2200000 a 4500</marc:leader>
   <marc:datafield ind1="1" ind2=" " tag="100">
      <marc:subfield code="a">Johannsen, Anna</marc:subfield>
      <marc:subfield code="4">aut</marc:subfield>
      <marc:subfield code="e">Verfasser/-in</marc:subfield>
   </marc:datafield>
   <marc:datafield ind1="0" ind2="0" tag="245">
      <marc:subfield code="a">Der Tote auf Amrum</marc:subfield>
   </marc:datafield>
   <marc:datafield ind1=" " ind2="1" tag="264">
      <marc:subfield code="b">Edition M</marc:subfield>
      <marc:subfield code="c">2020</marc:subfield>
   </marc:datafield>
   <marc:datafield ind1="1" ind2=" " tag="490">
      <marc:subfield code="a">Die Inselkommissarin</marc:subfield>
   </marc:datafield>
   <marc:datafield ind1="1" ind2=" " tag="520">
      <marc:subfield code="a">Ein neuer Fall, der das Leben der Inselkommissarin auf den Kopf stellt.  Marten Hilmer, schwerreicher Immobilienbesitzer auf Amrum, wird vergiftet auf seinem Anwesen aufgefunden. Hauptkommissarin Lena Lorenzen reist in ihre alte Heimat, um zu ermitteln. Ist der Täter unter den Frauen zu finden, mit denen Hilmer über die Jahre eine Affäre hatte? Oder wurde jemand beim Immobilienkauf übervorteilt?  Als Lena im Haus des Opfers ein Bild ihrer Mutter findet, hat sie Mühe, sich auf ihre Arbeit als Polizistin zu konzentrieren. Neben der Befragung der vielen Verdächtigen muss sie herausfinden, wie ihre eigene Geschichte mit dem Fall verbunden ist.</marc:subfield>
   </marc:datafield>
   <marc:datafield ind1=" " ind2=" " tag="020">
      <marc:subfield code="a">9782919808298</marc:subfield>
      <marc:subfield code="9">9782919808298</marc:subfield>
   </marc:datafield>
</marc:record>
